[Event "Montreal 4th"]
[Site "Montreal"]
[Date "2003.07.26"]
[Round "4"]
[White "Vera Gonzalez Quevedo, Reynaldo"]
[Black "Barsov, Alexei"]
[Result "1/2-1/2"]
[WhiteElo "2509"]
[BlackElo "2526"]
[Annotator "Dautov,R"]
[PlyCount "160"]
[EventDate "2003.07.23"]
[EventType "tourn"]
[EventRounds "11"]
[EventCountry "CAN"]
[EventCategory "11"]
[SourceTitle "CBM 097"]
[Source "ChessBase"]
[SourceDate "2003.11.11"]
[SourceVersion "1"]
[SourceVersionDate "2003.11.11"]
[SourceQuality "1"]

{[%mdl 32768]} 1. d4 Nf6 2. Nf3 d5 3. c4 e6 4. Nc3 Be7 5. Bf4 O-O 6. e3 c5 7.
dxc5 Bxc5 8. a3 Nc6 9. Rc1 a6 10. cxd5 {Diese Fortsetzung gilt als recht
harmlos, populärer ist 10.b4.} exd5 11. Bd3 d4 $2 {[%mdl 8192] Ein simpler
Bauerneinsteller. Der beste und sicherste Weg zum Ausgleich ist 11...Ba7!} (
11... Ba7 $1 12. O-O d4 13. exd4 Nxd4 14. Nxd4 Qxd4 15. Be3 Qh4 16. Bxa7 Rxa7
17. Qa4 Qxa4 18. Nxa4 Be6 $1 $11 (18... b5 19. Nc5 Nd7 20. Rfd1 $14 {Ivanchuk,
V-Kasparov,G/Frankfurt 1998}) 19. Be2 Re8 20. Rfe1 Kf8 21. h3 b5 22. Nc5 Bd5 {
1/2-1/2 Ivanchuk,V-Kramnik,V/Linares 1999}) 12. Ne2 $16 Qe7 (12... Ba7 13.
Nfxd4 Nxd4 14. exd4 (14. Nxd4 Bxd4 15. exd4 Re8+ 16. Be5 Ng4 17. O-O $16) 14...
Re8 15. O-O Bg4 16. f3 $16) 13. Nfxd4 Nxd4 14. exd4 Bxd4 15. Bxh7+ (15. Rc7 $5
Bd7 16. Bxh7+ Kxh7 17. Qxd4 Rfe8 18. Be3 $16) 15... Kxh7 16. Qxd4 Re8 17. Be3
Ng4 $2 {Ein weiterer Patzer, der unbestraft bleibt.} (17... Bf5 $16) 18. Rc3 $2
({Nichts sprach gegen} 18. Rxc8 $1 Raxc8 (18... Nxe3 19. Qd3+ g6 20. Rxa8 Nxg2+
21. Kf1 $18) 19. Qxg4 $18) 18... Bf5 19. O-O Rad8 20. Qf4 Qe5 21. h3 $6 {
Diese technische Nachlässigkeit erschwert die Umsetzung des Mehrbauern.} (21.
Qxe5 Rxe5 22. Nd4 Be4 23. h3 Nxe3 24. fxe3 $16) (21. Ng3 Qxf4 22. Bxf4 $16)
21... Nxe3 22. Rxe3 Qxf4 23. Nxf4 Rxe3 24. fxe3 Be4 25. h4 Rd2 {Turm und
Läufer von Schwarz sind aktiv, die Bauernstruktur ist kompakt - somit hat
Barsov einige Voraussetzungen für die Rettung der Partie.} 26. Rf2 Rd1+ 27. Kh2
f6 (27... f5 $5 28. Kg3 Kh6 29. Ne6 Kg6 30. Kf4 Kf6 31. Nc5 Bc6 32. e4 $16) 28.
Kg3 g5 $1 {Nutzt die Gelegenheit, um ein paar Bauern abzutauschen.} (28... Kh6
29. Ne2 Bc6 30. Nd4 $16) 29. Nh5 Kg6 30. Nxf6 gxh4+ 31. Kxh4 Bxg2 32. Rxg2+ $2
{Ein grundlegender Fehler. Das entstehende Turmendspiel ist remislicher Natur,
während die vorhandenen Leichtfiguren die weißen Gewinnchancen steigern.} (32.
Ng4 $1 Bh1 33. Rf6+ (33. Ne5+ Kg7 34. Rf7+ Kh6 $1 $16) 33... Kg7 34. Kg5 Rg1
35. Rf2 $16) 32... Kxf6 33. Kg3 Ke5 34. Kf3 Rd3 35. Rg5+ Kd6 36. Rg4 Kc5 37.
Rb4 b5 38. Ke2 Rd6 $14 39. Rf4 a5 40. b4+ Kb6 41. Rd4 Rh6 42. Kd3 Rh1 43. Kc2
Rh2+ 44. Rd2 Rh4 45. Rd6+ Kc7 46. Rd4 Rh2+ 47. Kc3 Ra2 48. Kb3 Re2 49. Rd3 Kb6
50. Kc3 Ra2 51. Kd4 axb4 52. axb4 Rb2 53. Kc3 Re2 54. Rd6+ Kc7 55. Re6 Kd7 56.
Re5 Kc6 57. Kd3 Rb2 58. Rc5+ Kb6 59. Kc3 Re2 60. Re5 Kc6 61. Kd3 Rb2 62. Re4
Kd5 63. Rd4+ Ke5 64. Rh4 Rb3+ 65. Kd2 Kd5 66. Rd4+ Ke5 67. Ke2 Rb1 68. Rh4 Kd5
69. Kf2 Rb2+ 70. Kf3 Rb1 71. Rd4+ Ke5 72. Re4+ Kd5 73. Rh4 Rf1+ 74. Ke2 Rb1 75.
Rf4 Ke5 76. Kd2 Rb2+ 77. Kc3 Re2 78. Kd3 Rb2 79. Rh4 Rb3+ 80. Kd2 Kd5 1/2-1/2

[Event "FRA-ch"]
[Site "Chartres"]
[Date "2005.08.16"]
[Round "2"]
[White "Lautier, Joel"]
[Black "Vaisser, Anatoli"]
[Result "1-0"]
[WhiteElo "2672"]
[BlackElo "2576"]
[Annotator "Dautov,R"]
[PlyCount "65"]
[EventDate "2005.08.15"]
[EventType "tourn"]
[EventRounds "11"]
[EventCountry "FRA"]
[EventCategory "13"]
[SourceTitle "CBM 109"]
[Source "ChessBase"]
[SourceDate "2005.11.14"]
[SourceVersion "1"]
[SourceVersionDate "2005.11.14"]
[SourceQuality "1"]

1. d4 e6 2. c4 d5 3. Nc3 Be7 4. Nf3 Nf6 5. Bf4 O-O 6. e3 c5 7. dxc5 Bxc5 8. a3
Nc6 9. Qc2 Qa5 10. Nd2 Be7 11. Bg3 {Dieser Zug erfreut sich in letzter Zeit
großer Popularität.} Bd7 12. Rd1 {Ein seltener Zug. Meiner Meinung nach ist
hier 12.Be2 die beste Fortsetzung.} (12. Be2) 12... Rac8 (12... Rfc8 13. cxd5
exd5 14. Be2 Be6 15. Qd3 Qb6 16. Qb5 Bd8 17. Qxb6 Bxb6 18. Na4 Bc7 19. Nb3 Ne4
20. Bxc7 Rxc7 21. f3 Nf6 22. Rc1 Re7 23. Kf2 $14 {Zhu Chen (2480)-Portisch,L 
(2595)/Roquebrune 1998}) 13. Be2 (13. cxd5 $5) 13... a6 {Keine schlechte Idee,
mit dem Vorstoß b7-b5 will Vaisser den Abtausch cxd5 erzwingen. In Frage kam
auch der typische Zug 13...Qb6 nebst d5-d4.} (13... Qb6 $5 14. O-O (14. b4 $5)
14... d4 15. Nce4 (15. Na4 $6 Qa5 16. b3 Bxa3 17. Nb1 Bc5 $17) 15... Nxe4 (
15... dxe3 16. Nxf6+ Bxf6 17. Ne4 $44) 16. Nxe4 e5 17. c5 Qd8 $13) 14. O-O b5
15. cxd5 exd5 {Der Springertausch nach 15...Nxd5 wäre gut für Schwarz, aber
Weiß verfügt über eine starke Idee 16.Bf3!} (15... Nxd5 16. Bf3 $1 (16. Nxd5
exd5 17. Qd3 (17. Nf3 Nd4 18. Qd3 Nxe2+ 19. Qxe2 b4 $11) 17... Be6 18. Nf3 Rfd8
$11) (16. Nde4 Nxc3 17. Nxc3 Rfd8 $11) 16... Nxc3 17. Nb3 $1 Qd8 18. Qxc3 $14)
16. Nf3 (16. Nb3 Qb6 17. Bf3 Be6 18. Nd4 Nxd4 19. Rxd4 Rc4 $132) 16... b4 $6 {
Der gleich auf b4 erscheinende schwarze Springer wird den isolierten Bauern d5
schützen. Jedoch war der natürliche Zug 16...Be6 flexibler und besser.} (16...
Be6 $5 17. Ng5 Rfd8 $11) 17. axb4 Nxb4 18. Qb3 Qb6 19. Be5 Rfd8 20. Nd4 $14 a5
21. h3 Ra8 22. Ndb5 (22. Ra1 $14) 22... Rdc8 ({Gute Ausgleichchencen hatte
Schwarz nach} 22... Bxb5 $1 23. Bxb5 (23. Nxb5 Qe6 24. Bf4 a4 $11) 23... Ne4
24. Bd4 Bc5 $11) 23. Rc1 Bc6 (23... Bxb5 24. Nxb5 Rxc1 25. Rxc1 Ne4 26. Bd4 Qh6
27. Nc3 $14) 24. Nd4 Bd7 25. Bf3 a4 $2 {Ein simpler Bauerneinsteller. Nach
einem normalen Zug wie 25...Be6 bliebe die schwarze Stellung etwas schlechter,
aber spielbar.} (25... Be6 $14) 26. Nxa4 $16 Bxa4 27. Rxc8+ Rxc8 28. Qxa4 Nd3
29. Nf5 $1 {Der schnellste Weg der Vorteilsumsetzung, Lautier greift den
gegnerischen König an.} Bc5 $2 (29... Bf8 $16) 30. Bc3 $18 Nxb2 31. Qh4 d4 (
31... Ne8 32. Nxg7 Nxg7 33. Qg4 $18) (31... Bf8 32. Bd4 Qe6 33. Nh6+ gxh6 34.
Bxf6 Bg7 35. Bxg7 Kxg7 36. Qd4+ Qf6 37. Qg4+ $18) 32. Bxd4 Qe6 33. Qg5 1-0

[Event "Pulvermuehle 6th"]
[Site "Pulvermuehle"]
[Date "2006.03.03"]
[Round "7"]
[White "Kortschnoj, Viktor Lvovich"]
[Black "Baramidze, David"]
[Result "1-0"]
[WhiteElo "2608"]
[BlackElo "2554"]
[Annotator "Dautov,R"]
[PlyCount "99"]
[EventDate "2006.02.25"]
[EventType "tourn"]
[EventRounds "9"]
[EventCountry "GER"]
[EventCategory "12"]
[SourceTitle "CBM 112"]
[Source "ChessBase"]
[SourceDate "2006.06.07"]
[SourceVersion "1"]
[SourceVersionDate "2006.06.07"]
[SourceQuality "1"]

1. d4 d5 2. c4 e6 3. Nc3 Be7 4. Nf3 Nf6 5. Qc2 c5 6. cxd5 (6. dxc5 d4 7. Nb5 e5
8. Nxe5 a6 9. Na3 O-O $1 $44) 6... exd5 (6... cxd4 7. Nxd4 O-O 8. Bg5 Nxd5 9.
Bxe7 Nxe7 10. Rd1 Qb6 11. Qb3 Qxb3 12. Nxb3 Nbc6 13. g3 b6 14. Bg2 Ba6 $6 (
14... Bb7) 15. Nd4 Bb7 16. Ndb5 $14 {Bacrot,E (2725)-Lautier,J (2680)/Khanty
Mansiysk 2005}) 7. Bg5 cxd4 (7... Nc6 8. dxc5 O-O (8... Be6 $2 9. e3 Qa5 10.
Bb5 $1 a6 11. Bxc6+ bxc6 12. O-O Qxc5 13. Rac1 $16 {Ponomariov,R (2743)-San
Segundo Carrillo,P (2523)/Benidorm 2002}) (8... Qa5 9. e3 Qxc5 10. Rc1 (10. Bb5
O-O) 10... O-O 11. Qd2 $14) 9. e3 h6 10. Bh4 Qa5 11. Be2 Qxc5 12. Rd1 Be6 13.
O-O Rac8 14. Qa4 Qb6 15. Qb5 Qxb5 16. Bxb5 Rfd8 {1/2-1/2 Eingorn,V (2570)
-Geller,E (2490)/Sochi 1986}) 8. Nxd4 Nc6 9. Nxc6 bxc6 10. e3 h6 11. Bh4 O-O
12. Be2 Qa5 (12... Be6 13. O-O Qa5 14. Rfd1 Rfd8 15. Rd2 $6 (15. a3 $1 {/\b4}
c5 16. Bf3 Rab8 17. Bg3 $1 Bd6 (17... Rbc8 18. Be5 $14) 18. Bxd6 Rxd6 19. b4 $1
Qc7 20. Qd3 Rdd8 21. bxc5 Qxc5 22. Ne2 $14) 15... Rd7 16. Rad1 Rad8 17. Bf3 $2
c5 $1 $15 {Dautov,R (2636)-Kasimdzhanov,R (2674)/Essen 2002}) 13. O-O Ba6 $2 {
Der Abtausch der Läufer ist für Schwarz ungünstig, denn er verliert die
Möglichkeit, sein zentralstes Bauernduo mit c6-c5 aufzurichten. Für die
richtige Behandlung dieser Stellung möchte ich auf die Partie
Dautov-Kasimdzhanov verweisen.} (13... Be6 $1) 14. Rfd1 Rfe8 15. a3 Ne4 16.
Nxe4 {Auch mit 16.b4 könnte Weiß eine angenehme Stellung erreichen.} (16. b4
Nxc3 (16... Qb6 17. Na4 $14) 17. Qxc3 Qb6 18. Bxe7 Bxe2 19. Bc5 Qd8 20. Rd4 $14
) 16... Bxe2 17. Qxe2 Bxh4 18. Nd6 Re6 19. Nf5 Bf6 20. Nd4 Bxd4 21. Rxd4 $14 {
Weiß steht minimal besser, da er nur einen anfälligen Bauern hat. Es ist
interessant zu sehen, wie unermüdlich Kortschnoj im weiteren Partieverlauf an
der Verbesserung seiner Stellung arbeitet.} Qb6 22. Qc2 a5 23. b3 Rb8 24. Rd3
Qa6 25. h3 Rb6 26. Rc3 Rb5 27. Rd1 Rg6 28. Rd4 Qb7 29. h4 h5 30. Qd1 Re6 31.
Qc2 g6 32. g3 Rb6 $2 {Schwarz darf das Feld c5 nicht aus den Augen verlieren.
Seine beste Aufstellung ist Qb6,Rb5,Re6. In dieser verharrend, sollte er
lediglich Wartezüge mit dem König ausführen.} (32... Qb6 33. Rd1 Kh7 34. Rdd3 (
34. Rc1 d4 $11) 34... Kg8 $14) 33. Rdd3 Kh7 (33... Rb5 34. Rc5 Rxc5 35. Qxc5
$14) 34. Rc5 Ra6 (34... Rb5 35. Rdc3 Rxc5 36. Rxc5 $16) 35. Qc3 $16 {Der weiße
Vorteil hat sich deutlich vergrößert.} Qb6 36. Rd4 Re7 {Auch der zweite Turm
verläßt seine aktive Stellung, um den wunden Bauern a5 ausreichend zu
verteidigen.} (36... Ra7 37. Rf4 Kg8 $2 38. Ra4 $1 Rb7 39. Raxa5 $18) 37. Rf4
$1 {Es ist immer gut, den gegnerischen König zu schwächen.} f5 (37... Qb7 38.
Rf6 $16) 38. Rd4 (38. Ra4 Rea7 $16) 38... Rb7 39. Rd3 Re7 40. Rd1 $1 {Der Turm
wandert auf die 1. Reihe, wo er effektiv eingesetzt werden kann, entweder auf
c1 (><c6) oder auf b1 (Vorstoß b3-b4).} Rb7 41. Rb1 Rb8 42. Kh2 Rb7 43. b4 $1
axb4 44. axb4 {Der Vorstoß b4-b5 ist nicht zu stoppen, wonach der Bauer d5
bald fallen wird.} Rg7 ({Zäher war} 44... Rd7 45. b5 cxb5 46. Rbxb5 Qd8 47. Rc6
Rxc6 48. Qxc6 $16) 45. b5 cxb5 46. Rbxb5 Qa7 $2 (46... Qf6 47. Qd2 $16) 47. Rc8
$18 d4 48. exd4 Ra3 49. Qb4 Qe7 50. Rbb8 1-0

[Event "GER CupT final"]
[Site "Baden-Baden"]
[Date "2005.04.17"]
[Round "1.4"]
[White "Huebner, Robert"]
[Black "Vaganian, Rafael A"]
[Result "1/2-1/2"]
[WhiteElo "2624"]
[BlackElo "2670"]
[Annotator "Dautov,R"]
[PlyCount "95"]
[EventDate "2005.04.17"]
[EventType "team"]
[EventRounds "1"]
[EventCountry "GER"]
[SourceTitle "CBM 107"]
[Source "ChessBase"]
[SourceDate "2005.08.01"]
[SourceVersion "1"]
[SourceVersionDate "2005.08.01"]
[SourceQuality "1"]
[WhiteTeam "Baden Oos"]
[BlackTeam "Porz"]
[WhiteTeamCountry "GER"]
[BlackTeamCountry "GER"]

{[%mdl 32768]} 1. d4 d5 2. c4 e6 3. Nc3 Be7 4. Nf3 Nf6 5. Bf4 O-O 6. e3 Nbd7 7.
a3 c5 8. cxd5 Nxd5 9. Nxd5 exd5 10. dxc5 Nxc5 11. Be2 (11. Be5 Bf6 12. Bxf6
Qxf6 13. Qd4 {bringt Weiß nichts dank Vaganians Erfindung} Qd6 $1 14. Rd1 Rd8
15. b4 Ne6 16. Qh4 a5 17. Bd3 h6 18. O-O axb4 19. axb4 Ra4 20. Rb1 d4 $11 {
Mamedyarov,S-Vaganian,R/Pamplona 2004}) 11... Bf6 12. Be5 Bxe5 13. Nxe5 Re8 14.
Nf3 Qb6 15. Rc1 Ne6 $1 {Mit 15...Ne4 kann Schwarz der typischen
Isolani-"Massage" nicht entgehen, deswegen strebt Vaganian den Vorstoß d5-d4
an.} (15... Ne4 16. Qd4 Qg6 (16... Qa5+ 17. Qb4) 17. O-O Bh3 18. Ne1 Rad8 19.
Kh1 Bf5 20. Nf3 a6 21. Nh4 Qg5 22. Nxf5 Qxf5 23. Kg1 Rc8 24. Bf3 Nf6 25. h3 h6
26. b4 $14 {Gyimesi,Z-Portisch,L/Kazincbarcika 2005}) 16. Qd2 (16. Qa4 Rd8 17.
Qb5 Qxb5 18. Bxb5 d4 $11) (16. b4 $5 {Auf diese Weise kann Weiß gegenüber der
Partie ein Tempo b2-b4 gewinnen, was sich jedoch auf die Stellungseinschätzung
kaum auswirkt.} Rd8 17. Nd4 Nxd4 18. Qxd4 Qxd4 (18... Bf5 19. Rc5 $14) 19. exd4
Be6 20. Rc7 Rdc8 21. Rxb7 Rc1+ 22. Bd1 Rc4 23. O-O (23. Ke2 Rxd4 24. Bc2 Re8
$11) 23... Rxd4 24. Bf3 Rd3 $11) 16... Rd8 17. Nd4 (17. O-O d4 18. Rfd1 dxe3
19. Qxe3 Qxe3 20. fxe3 Bd7 $11) (17. Rd1 Bd7 18. O-O Ba4 19. Rc1 d4 $11) 17...
Nxd4 18. Qxd4 Qxd4 19. exd4 Be6 20. Rc7 {Der einzig mögliche Gewinnversuch.} (
20. Kd2 Rac8 $11) 20... Rdc8 $1 (20... Rab8 $2 21. Kd2 Rdc8 22. Rhc1 $16) 21.
Rxb7 Rc1+ 22. Bd1 Rc4 23. O-O (23. Ke2 Rxd4 24. Re1 a5 $11) 23... Rxd4 24. Bf3
a5 25. Rd1 Rc4 {Der Turmtausch war ein einfacherer Weg zum Remis.} (25... Rxd1+
$1 26. Bxd1 Kf8 27. Kf1 Bc8 $1 28. Rc7 (28. Rb6 Ke7 $11) 28... Rb8 $11) 26. h3
(26. Kf1 $5 Rc5 $1 (26... Rd8 27. Bxd5 h6 28. Bf3 Rxd1+ 29. Bxd1 $16) 27. b4
axb4 28. axb4 Rc2 $11) 26... Rd8 $1 (26... Rc5 $2 27. b4 axb4 28. axb4 Rcc8 29.
Bxd5 $16) 27. Rb5 $1 (27. Bxd5 $2 h6 28. Rb5 Rc7 29. Bf3 $2 Rxd1+ 30. Bxd1 Rc1
$19) 27... a4 28. Be2 Rc2 $1 (28... Rcc8 29. Rd4 $14) 29. Bd3 Rcc8 30. Rb4 Rb8
31. Bb5 Rdc8 32. Rdd4 (32. Bxa4 Rxb4 33. axb4 Rc4 $11) 32... Rc2 $11 {Schwarz
fand all die genauen Züge, das Unentschieden ist nicht zu vermeiden.} 33. Bxa4
Rxb2 34. Rxb2 Rxb2 35. Rb4 Rxb4 36. axb4 Kf8 37. Kf1 d4 38. Ke2 Bc4+ 39. Kd2
Bf1 40. g3 Ke7 41. h4 h6 42. Bc2 g5 43. hxg5 hxg5 44. f3 Bb5 45. Bd3 Bc6 46.
Ke2 Kd6 47. Be4 Bb5+ 48. Bd3 1/2-1/2

[Event "Sigeman & Co 13th"]
[Site "Malmo/Copenhagen"]
[Date "2005.04.22"]
[Round "7"]
[White "Palo, Davor"]
[Black "Iordachescu, Viorel"]
[Result "1-0"]
[WhiteElo "2525"]
[BlackElo "2609"]
[Annotator "Dautov,R"]
[PlyCount "87"]
[EventDate "2005.04.15"]
[EventType "tourn"]
[EventRounds "9"]
[EventCountry "SWE"]
[EventCategory "13"]
[SourceTitle "CBM 107"]
[Source "ChessBase"]
[SourceDate "2005.08.01"]
[SourceVersion "1"]
[SourceVersionDate "2005.08.01"]
[SourceQuality "1"]

{[%mdl 32768]} 1. d4 Nf6 2. c4 e6 3. Nf3 d5 4. Nc3 Be7 5. Bf4 O-O 6. e3 Nbd7 7.
c5 c6 8. h3 b6 9. b4 a5 10. a3 Ne4 $1 {Eine interessante Alternative zu dem
geläufigen Plan mit Bc8-(b7)-a6. Schwarz erzwingt den Abtausch der Springer
auf e4 und seine Dame bekommt einen schönen Posten auf d5.} (10... Ba6) (10...
Bb7 11. Bd3 Qc8) 11. Nxe4 dxe4 12. Ne5 (12. Nd2 $6 f5 (12... e5 $5 13. dxe5
axb4 14. axb4 Rxa1 15. Qxa1 bxc5 16. b5 $11) 13. Nc4 Ba6 14. Nd6 Bxf1 15. Kxf1
Nf6 16. Rb1 Nd5 $17 {Argueso Pascual,J-Alvarez,L/Almeria 1989}) 12... Nxe5 13.
Bxe5 f6 14. Bg3 (14. Bh2 e5 $2 (14... Qd5 $1) 15. Bc4+ Kh8 16. O-O (16. dxe5
axb4 17. axb4 Rxa1 18. Qxa1 bxc5 19. bxc5 Bxc5 20. O-O $14) 16... exd4 17. exd4
f5 18. f3 Bf6 19. Bd6 Be7 20. Be5 axb4 21. axb4 Rxa1 22. Qxa1 bxc5 23. dxc5 Bf6
24. Bxf6 gxf6 $16 {Pert,R-Stenersen,G/Oslo 2004}) 14... Qd5 $1 15. Be2 Ba6 16.
O-O axb4 17. axb4 Bxe2 18. Qxe2 b5 $11 (18... bxc5 $5 19. bxc5 (19. dxc5 e5 $11
) 19... e5 20. dxe5 f5 $11) 19. Rfb1 Rfc8 $6 {Die schwarze Stellung sieht sehr
sicher aus, dennoch sollte Iordachescu auf der Hut sein und angesichts der von
Weiß geplanten Übernahme der a-Linie rechtzeitig für Gegenspiel sorgen.} (19...
h5 $5 20. Qd1 Kf7 21. Rxa8 Rxa8 22. Ra1 Rxa1 23. Qxa1 g5 24. Qa7 (24. Bb8 Qd7
$11) 24... e5 25. dxe5 h4 26. e6+ Kxe6 $11) 20. Qd1 Kf7 21. Rxa8 Rxa8 22. Ra1
Rxa1 (22... Qd8 $2 {taugt nichts wegen des Manövers} 23. Rxa8 Qxa8 24. Qh5+ Kg8
25. Qh4 $1 Qa1+ 26. Kh2 Qb1 27. Qg4 Kf7 28. Qh5+ $16) 23. Qxa1 h6 $2 {Ein
weiterer sorgloser Zug bringt Schwarz in ernsthafte Schwierigkeiten. Notwendig
war 23...Qd7!, um die wichtige 7. Reihe unter Kontrolle zu bringen.} (23... Qd7
24. Qa8 h6 25. Qb8 f5 26. Be5 Bf6 $14 {, und die schwarze Stellung ist zwar
passiv, aber fest.}) 24. Qa7 $16 e5 {Erzwungen, denn anders kann Schwarz das
Eindringen des weißen Läufers auf d6 nicht verhindern.} (24... Qd8 $2 25. Qb7
Qe8 26. Bd6 $18) (24... Ke8 25. Qa8+ Kf7 26. Qb7 Ke8 27. Qc8+ Kf7 28. Qc7 $16 {
/\Bd6}) 25. dxe5 fxe5 26. Qc7 {[%mdl 16]} Ke6 27. Qc8+ Kf7 (27... Kf6 28. Bh4+
g5 29. Bg3 $16) 28. Qf5+ Bf6 29. Bh4 g5 30. Bg3 {Die schwarze Dame ist an die
Schwächen c6, e4 und e5 gebunden, so daß kein Gegenspiel möglich ist. Weiß
kann also in aller Ruhe den Vormarsch seines Königs vorbereiten.} Kg7 31. h4
Qd1+ (31... gxh4 32. Qg4+ Bg5 33. Bxh4 Kg6 34. Kh2 $16) 32. Kh2 Qd5 33. Kg1
Qd1+ 34. Kh2 Qd5 35. Kh3 $18 Kf7 36. Qh7+ Bg7 37. Qf5+ Bf6 38. Qh7+ Bg7 39.
hxg5 hxg5 40. Kg4 Qd1+ 41. Kxg5 Qd8+ 42. Kg4 Qd1+ 43. Kh3 Qh1+ 44. Bh2 1-0

[Event "EU-Cup 18th"]
[Site "Kallithea"]
[Date "2002.09.26"]
[Round "5.2"]
[White "Onischuk, Alexander"]
[Black "Kruppa, Yuri"]
[Result "1-0"]
[WhiteElo "2644"]
[BlackElo "2544"]
[Annotator "Dautov,R"]
[PlyCount "141"]
[EventDate "2002.09.22"]
[EventType "team-swiss"]
[EventRounds "7"]
[EventCountry "GRE"]
[SourceTitle "CBM 092"]
[Source "ChessBase"]
[SourceDate "2003.02.06"]
[SourceVersion "1"]
[SourceVersionDate "2003.02.06"]
[SourceQuality "1"]
[WhiteTeam "Skopje Kisela Voda"]
[BlackTeam "Donetsk"]
[WhiteTeamCountry "MKD"]
[BlackTeamCountry "UKR"]

{[%mdl 32768]} 1. d4 e6 2. c4 d5 3. Nc3 Be7 4. Nf3 Nf6 5. Bf4 O-O 6. e3 c5 7.
dxc5 Bxc5 8. a3 Nc6 9. Qc2 Qa5 10. Nd2 Be7 11. Bg3 {Eine Modevariante der
letzten Zeit. Onischuk spielt sie erfolgreich mit beiden Farben.} Bd7 12. Be2
Rfc8 13. O-O Qb6 $2 $146 {Ein unlogischer Zug. Weiß entfaltet seine Initiative
auf dem Damenflügel mittels b2-b4, c4-c5, und wird mit dem Angriff auf die
schwarze Dame ein wertvolles Tempo gewinnen. Deutlich besser ist 13...Qd8.} (
13... Qd8 14. Rad1 (14. cxd5 exd5 $1 15. Nf3 Be6 16. Rfd1 Nh5 17. Qb3 Na5 $11 {
Nielsen,P-Schandorff,L/Nyborg 2001}) (14. Qd3 Be8 15. cxd5 Nxd5 16. Nxd5 exd5
17. Bf3 Bf6 18. Qb3 d4 19. e4 $2 Ne5 $15 {Palmisano,J-Bronstein,L/Buenos Aires
1994}) 14... Na5 $1 (14... d4 15. Nb5 dxe3 16. fxe3 Qb6 17. Qd3 Be8 18. b4 Rd8
19. Qb3 $16 {Tukmakov,V-Jakob,S/Bern 1991}) 15. cxd5 Nxd5 16. Nde4 Qe8 17. Qd3
Ba4 18. Nxa4 Qxa4 19. Rc1 Qb3 $11 {Lautier,J-Beliavsky,A/BL 2002}) 14. b4 d4 (
14... a6 $5 15. c5 Qd8 16. Na4 Na7 17. Rfc1 Bxa4 18. Qxa4 $14) 15. c5 Qd8 16.
Nb5 e5 (16... dxe3 17. fxe3 a5 18. Nc4 $1 axb4 19. Nb6 Bxc5 20. Qxc5 Ne4 21.
Bc7 $1 Rxc7 22. Qh5 $16) 17. exd4 (17. Nc4 Nxb4 18. axb4 Bxb5 $14) 17... a6 {
Kruppa versucht, seine Probleme mit Hilfe von Taktik zu lösen, aber ohne
Erfolg.} (17... Nxd4 18. Nxd4 exd4 19. Be5 Bc6 20. Qd3 $16) 18. dxe5 axb5 19.
exf6 Bxf6 20. Rad1 $16 Nd4 (20... Rxa3 21. Ne4 Nd4 22. Qd2 Nxe2+ 23. Qxe2 Be7
24. Rfe1 $16) 21. Qd3 Rxa3 $2 {Das Qualitätsopfer bringt keine Erleichterung.}
(21... Nxe2+ $142 22. Qxe2 Rxa3 $16) 22. Qxa3 Nxe2+ 23. Kh1 Nc3 24. Rde1 Ra8
25. Qb3 Bc6 26. Bd6 h5 27. Re3 Bd5 28. Qc2 Ra2 29. Qc1 Na4 30. Rfe1 Bc6 31. Ne4
Bd4 32. R3e2 Rxe2 33. Rxe2 $18 Nb2 34. Rd2 Bxe4 35. Rxd4 Nd3 36. Qe3 Qa8 37. h3
f5 38. Rxd3 $2 (38. f3 $1 $18) 38... Qa1+ 39. Kh2 Qf1 40. Qg5 Qxd3 41. Qxh5 Bc6
$16 42. Qg5 Qe4 43. f3 Qe6 44. h4 Kh7 45. Qf4 Bd7 46. Be5 Qh6 47. Qd4 Bc6 48.
Qd8 Qe6 49. Bb2 Qf7 50. Qg5 Be8 51. Kg1 Qg6 52. Qe7 Qf7 53. Qe5 Bc6 54. Kf2 Bd7
55. Bc3 Qf6 56. Qxf6 gxf6 57. Bxf6 $18 Kg6 58. Bg5 Be6 59. Ke3 Bc4 60. Bd8 Bb3
61. Kf4 Bc2 62. Ke5 Kh5 63. Kd6 Bb3 64. Kc7 Bd5 65. Kb6 Bc6 66. Bg5 Kg6 67. g4
fxg4 68. fxg4 Kf7 69. h5 Ke6 70. Bd2 Kf6 71. g5+ 1-0